| 000 | 01164cam a2200301 4500 | ||
|---|---|---|---|
| 001 | M890 | ||
| 008 | 090401t1992 xxu||||| |||| 00| 0 eng d | ||
| 035 | _a(Sirsi) u6189 | ||
| 041 | _aeng | ||
| 050 | _a346.41043 | ||
| 110 |
_aGeneral Council of the Bar _9691 |
||
| 245 | 4 | _aThe Blundell Memorial Lectures (1992) ... current problems in property law ... | |
| 260 |
_aLondon _bInstution and College Conferences _c1992 |
||
| 300 | _a176p. ; 30cm. | ||
| 350 | _a0 | ||
| 490 | _aBlundell Lectures | ||
| 520 | _aPapers:- Insolvency and leases/ Moss, Gabriel & Segal, Nick - The Landlord and Tenant Act 1987: what has gone wrong?/ Samson, John & Vivian, Graham - When is it safe to accept rent?/ Brock, Jonathan & Copland, Sandy - Recovering possession without a court order/ Dowding, Nicholas & Williams, Peter | ||
| 650 |
_aInsolvency _96247 |
||
| 650 | _aLANDLORD AND TENANT ACT 1987 | ||
| 650 | _aLEASES | ||
| 650 | _aPOSSESSION | ||
| 650 | _aRENT | ||
| 690 | _aPROPERTY LAW AND PRACTICE | ||
| 710 |
_aLaw Society of England and Wales _91639 |
||
| 710 |
_aRoyal Institution of Chartered Surveyors _94900 |
||
| 942 |
_n0 _2ddc |
||
| 948 | _c04/03/1997 | ||
| 999 |
_c86253 _d86253 |
||